Bài tập Tiếng Nhật sơ cấp : 基本的な日本語演習 / Tập 2

Đã lưu trong:
Bibliografiske detaljer
Hovedforfatter: Trần Việt Thanh
Format: Bog
Sprog:Vietnamese
Japanese
Udgivet: Tp.HCM : Nxb Thanh niên, 2006.
Fag:
Tags: Tilføj Tag
Ingen Tags, Vær først til at tagge denne postø!
Thư viện lưu trữ: Mạng thư viện Đại học Đà Nẵng
LEADER 01172nam a22003371a 4500
001 000038698
003 14993
005 20210615164144.0
008 160412s2006 000
020 |c 25000 
040 |a LNN  |c LNN  |d LNN 
041 1 |a vie  |h jpn 
082 1 4 |a 495.603  |b TR-T 
100 1 |a Trần Việt Thanh 
245 0 0 |a Bài tập Tiếng Nhật sơ cấp :  |b 基本的な日本語演習 /  |c TrầnViệt Thanh  |n Tập 2 
260 |a Tp.HCM :  |b Nxb Thanh niên,  |c 2006. 
300 |a 251tr. ;  |c 19cm. 
630 0 4 |a Tiếng Nhật sơ cấp 
630 0 4 |a Tiếng Nhật 
630 0 4 |a Nhật ngữ. 
630 0 4 |a Bài tập Tiếng Nhật 
650 0 4 |a Nhật ngữ  |x Ngữ pháp 
OWN |a LNN 
902 1 |a TKN 
AVA |a UDN50  |b LNN  |c Japanese-Korean-Thailander  |d 495.603TR-T  |e available  |t Error 5001 Not defined in file expand_doc_bib_avail.  |f 7  |g 0  |h N  |i 0  |j HN 
999 |a From the UDN01 
AVA |a UDN50  |b LNN  |c Japanese-Korean-Thailander  |d 495.603TR-T  |e available  |t Error 5001 Not defined in file expand_doc_bib_avail.  |f 7  |g 0  |h N  |i 0  |j HN 
TYP |a Monograph 
980 |a Mạng thư viện Đại học Đà Nẵng